Urea and non-protein nitrogen in ruminant nutrition /

Bibliographic Details
Corporate Author: Allied Chemical Corporation. Nitrogen Division
Other Authors: Stangel, Harvey J.
Format: Book
Language:English
Published: [New York?], [publisher not identified] ; [1964?]
Edition:2d ed.
Subjects:

MARC

Tag First Indicator Second Indicator Subfields
LEADER 00000cam a2200000 4500
001 in00000984721
005 20150927175429.0
008 790308s1964 nyua b 00000 eng d
035 |a (OCoLC)04727008 
035 |9 AEY8045AM 
040 |a AZU  |c AZU  |d UtOrBLW 
049 |a TXAM 
090 |a SF99.U7  |b A5 1964 
110 2 |a Allied Chemical Corporation.  |b Nitrogen Division. 
245 1 0 |a Urea and non-protein nitrogen in ruminant nutrition /  |c Editor: Harvey J. Stangel; literature abstracts: Ronald R. Johnson; bibliography: Astrid Spellman. 
250 |a 2d ed. 
264 1 |a [New York?],  |b [publisher not identified] ;  |c [1964?] 
300 |a 489 pages :  |b illustrations ;  |c 24 cm. 
336 |a text  |b txt  |2 rdacontent 
337 |a unmediated  |b n  |2 rdamedia 
338 |a volume  |b nc  |2 rdacarrier 
500 |a Includes indexes. 
650 0 |a Urea. 
650 0 |a Animal nutrition  |x Abstracts. 
650 0 |a Nitrogen. 
700 1 |a Stangel, Harvey J. 
999 |a MARS 
999 f f |s 3419f70d-cf67-3a26-817a-7284eae02965  |i 9c61c205-6560-3425-af7b-043de9e06232  |t 0 
952 f f |p ric  |a Texas A&M University  |b Rellis Campus  |c Joint Library Facility  |s JLF  |d Remote Storage  |t 0  |e SF99.U7 A5 1964  |h Library of Congress classification  |i unmediated -- volume  |m A14814682162 
998 f f |a SF99.U7 A5 1964  |t 0  |l Remote Storage